| 000 | 00875nab a22002537a 4500 | ||
|---|---|---|---|
| 001 | vtls002814510 | ||
| 003 | ES-BaIT | ||
| 005 | 20260420173203.0 | ||
| 007 | t| | ||
| 008 | 111114s2005 fr o || |00| |fre|| | ||
| 010 | _a2814510 | ||
| 035 | _a2814-51060 | ||
| 039 | 9 |
_a201403080738 _bVLOAD _c201303100051 _dVLOAD _c201111141629 _dVLOAD |
|
| 080 | _a791.8:73 | ||
| 245 | 0 | 0 |
_aCirque & danse : _bun rapport ambivalent de séduction / _cdossier coordonné par Isabelle Danto |
| 505 | 8 | _aInclou: diferents articles que parlen sobre el tema que dóna títol al dossier | |
| 650 | 0 | 4 |
_aCirc i dansa _9120157 |
| 700 | 1 |
_aDanto, Isabelle _9120158 |
|
| 773 | 0 |
_7nnas _wvtls002202505 _tArts de la piste _dParis : Hors de la piste, 1996- _x1269-0120 _gn 36, octobre, 2005, p. 15-39 _836 _0112323 |
|
| 790 | _w220250560 | ||
| 790 | _a220250560 | ||
| 940 | _aIT | ||
| 942 |
_cART _2udc |
||
| 999 |
_c116511 _d116511 |
||